|
|
|
|
| LEADER |
00000cam a22000004a 4500 |
| 001 |
musev2_238 |
| 003 |
MdBmJHUP |
| 005 |
20230905040045.0 |
| 006 |
m o d |
| 007 |
cr||||||||nn|n |
| 008 |
090921s2010 inu o 00 0 eng d |
| 010 |
|
|
|z 2009039149
|
| 020 |
|
|
|a 9780253004284
|
| 020 |
|
|
|z 9780253354426
|
| 020 |
|
|
|z 0253004284
|
| 035 |
|
|
|a (OCoLC)635293835
|
| 040 |
|
|
|a MdBmJHUP
|c MdBmJHUP
|
| 043 |
|
|
|a e-pl---
|
| 050 |
0 |
4 |
|a DS134.66.B53
|b K63 2010
|
| 082 |
0 |
|
|a 305.892/4043836
|2 22
|
| 100 |
1 |
|
|a Kobrin, Rebecca.
|
| 245 |
1 |
0 |
|a Jewish Bialystok and Its Diaspora /
|c Rebecca Kobrin.
|
| 264 |
|
1 |
|a Bloomington :
|b Indiana University Press,
|c 2010.
|
| 264 |
|
3 |
|a Baltimore, Md. :
|b Project MUSE,
|c 2011
|
| 264 |
|
4 |
|c ©2010.
|
| 300 |
|
|
|a 1 online resource (380 pages):
|b ill., maps ;
|
| 336 |
|
|
|a text
|b txt
|2 rdacontent
|
| 337 |
|
|
|a computer
|b c
|2 rdamedia
|
| 338 |
|
|
|a online resource
|b cr
|2 rdacarrier
|
| 490 |
0 |
|
|a The modern Jewish experience
|
| 504 |
|
|
|a Includes bibliographical references and index.
|
| 505 |
0 |
|
|a Between exile and empire: visions of Jewish dispersal in the age of mass migration -- The dispersal within: Bialystok, Jewish migration, and urban life in the borderlands of Eastern Europe -- Rebuilding homeland in promised lands -- "Buying bricks for Bialystok": philanthropy and the bonds of the new Jewish diaspora -- Rewriting the Jewish diaspora: images of Bialystok in the transnational Bialystoker Jewish press, 1921-1949 -- Shifting centers, conflicting philanthropists: rebuilding, resettling, and remembering Jewish Bialystok in the post-Holocaust era -- Diaspora and the politics of East European Jewish identity in the age of mass migration.
|
| 588 |
|
|
|a Description based on print version record.
|
| 650 |
|
0 |
|a Jewish diaspora
|x History
|y 20th century.
|
| 650 |
|
0 |
|a Jews
|x Migrations
|x History
|y 20th century.
|
| 650 |
|
0 |
|a Jews, Polish
|x Cultural assimilation
|z Foreign countries.
|
| 650 |
|
0 |
|a Jews
|z Poland
|z Białystok
|x Migrations
|x History.
|
| 650 |
|
0 |
|a Jews
|z Poland
|z Białystok
|x History.
|
| 651 |
|
0 |
|a Białystok (Poland)
|x Ethnic relations.
|
| 655 |
|
7 |
|a Electronic books.
|2 local
|
| 710 |
2 |
|
|a Project Muse.
|e distributor
|
| 830 |
|
0 |
|a Modern Jewish experience (Bloomington, Ind.)
|
| 830 |
|
0 |
|a Book collections on Project MUSE.
|
| 856 |
4 |
0 |
|z Texto completo
|u https://projectmuse.uam.elogim.com/book/238/
|
| 945 |
|
|
|a Project MUSE - Custom Collection
|
| 945 |
|
|
|a Project MUSE - 2010 History
|
| 945 |
|
|
|a Project MUSE - Archive Jewish Studies Foundation
|
| 945 |
|
|
|a Project MUSE - 2010 Complete
|